Library of the University of Algiers 3
Ibrahim Sultan Cheibout
شعار جامعة الجزائر 3
مكتبة جامعة الجزائر 3
إبراهيم سلطان شيبوط

سوق الصرف الأجنبي : (رقم التسجيلة. 45620)

تفاصيل مارك
000 -LEADER
fixed length control field 00970nam a2200229Ia 4500
003 - CONTROL NUMBER IDENTIFIER
control field Ost
005 - DATE AND TIME OF LATEST TRANSACTION
control field 20260507075652.0
008 - FIXED-LENGTH DATA ELEMENTS--GENERAL INFORMATION
fixed length control field 260507s9999||||xx |||||||||||||| ||und||
020 ## - INTERNATIONAL STANDARD BOOK NUMBER
International Standard Book Number 3131703977
040 ## - CATALOGING SOURCE
Transcribing agency fsecg
041 ## - LANGUAGE CODE
Language code of text/sound track or separate title ara
082 ## - DEWEY DECIMAL CLASSIFICATION NUMBER
Classification number 332.46
100 ## - MAIN ENTRY--PERSONAL NAME
Personal name الحمزاوي، محمد كمال
Relator term مؤلف
245 #0 - TITLE STATEMENT
Title سوق الصرف الأجنبي :
Remainder of title ماهيته، مدركاته، تطوره /
Statement of responsibility, etc. محمد كمال الحمزاوي
260 ## - PUBLICATION, DISTRIBUTION, ETC.
Place of publication, distribution, etc. الإسكندرية:
Name of publisher, distributor, etc. منشأة المعارف,
Date of publication, distribution, etc. 2004
300 ## - PHYSICAL DESCRIPTION
Extent 352 صفحة؛
Other physical details إيضاحات ؛
Dimensions 24 سم
520 ## - SUMMARY, ETC.
Summary, etc. أهم المدركات الإقتصادية لنظرية الصرف الاجنبي- إشكالية نظم النقد الأجنبي استقراء تاريخي- الادوات المصرفية بسوق الصرف الاجنبي.
653 ## - INDEX TERM--UNCONTROLLED
Uncontrolled term الإقتصاد الدولي
653 ## - INDEX TERM--UNCONTROLLED
Uncontrolled term النقد الأجنبي
653 ## - INDEX TERM--UNCONTROLLED
Uncontrolled term سعر الصرف
942 ## - ADDED ENTRY ELEMENTS (KOHA)
Koha item type كتب

لا توجد مواد متاحة.

موارد الويب المفتوحة


© University of Algiers 3 All Rights Reserved
|
Implemented by LECHELAH Riad